Top 50 Baby Boy Names Beginning with Q - Statistics

General Stats
  • This quiz has been taken 267 times
  • The average score is 14 of 50
Answer Stats
Hint Answer % Correct
15 Quin
98%
1 Quinn
98%
33 Quenten
89%
2 Quentin
89%
13 Quenton
89%
36 Quintan
89%
6 Quinten
89%
5 Quintin
89%
4 Quinton
89%
22 Quintyn
89%
47 Que
80%
16 Quincey
58%
3 Quincy
58%
10 Quill
43%
32 Quay
40%
21 Quan
37%
7 Quest
31%
12 Quinlan
20%
40 Quinlin
20%
50 Quinnlan
20%
9 Quade
18%
14 Quaid
18%
11 Qasim
11%
29 Quillen
9%
19 Quintus
9%
18 Quran
9%
46 Quantum
7%
26 Quillian
6%
30 Qaadir
4%
20 Qadir
4%
17 Qais
4%
42 Qamar
4%
8 Quadir
4%
34 Quiro
3%
43 Qamari
2%
27 Qintavious
2%
35 Quashawn
2%
48 Quentrell
2%
41 Quintavious
2%
37 Quintrell
2%
38 Quadarius
1%
23 Quamir
1%
45 Quantavious
1%
39 Quazir
1%
28 Quintez
1%
24 Qusai
1%
25 Qusay
1%
44 Qion
0%
31 Quayion
0%
49 Quindarius
0%
No matching quizzes found
Score Distribution
Percent of People with Each Score
Percentile by Number Answered
Your Score History
You have not taken this quiz